[Event "Montreal Mercredi 01"]
[Site "Montreal"]
[Date "2019.01.16"]
[Round "2"]
[White "Gauthier, Luc"]
[Black "O'Neill, Brendon"]
[Result "0-1"]
[WhiteElo "1670"]
[BlackElo "1716"]
[PlyCount "86"]
[EventDate "2019.01.09"]
[EventType "swiss"]
[EventRounds "5"]
[EventCountry "CAN"]
[SourceTitle "EXT 2022"]
[Source "ChessBase"]
[SourceDate "2021.10.06"]
[SourceVersion "1"]
[SourceVersionDate "2021.10.06"]
[SourceQuality "1"]

1. e4 c5 2. Nc3 d6 3. f4 Nc6 4. Nf3 e6 5. g3 Be7 6. Bg2 Nf6 7. d3 0-0 8. 0-0 Bd7 9. h3 Rb8 10. g4 b5 11. Ne2 a5 12. Ng3 Qc7 13. g5 Ne8 14. h4 d5 15. e5 g6 16. h5 Ng7 17. Nh2 c4 18. Ng4 Qb6+ 19. Kh2 Nf5 20. Nxf5 exf5 21. Nf6+ Bxf6 22. gxf6 Be6 23. Qe1 cxd3 24. Qg3 Rfc8 25. Qg5 Kf8 26. hxg6 hxg6 27. Rf3 dxc2 28. Rh3 Ke8 29. Rh8+ Kd7 30. Rh7 Qf2 31. Qxg6 Rf8 32. Qh5 d4 33. Qf3 Qxf3 34. Bxf3 Rh8 35. Rxh8 Rxh8+ 36. Kg3 d3 37. Bd2 a4 38. Kf2 Rd8 39. Ke3 Kc7 40. a3 Nd4 41. Ba5+ Kc8 42. Bxd8 Nb3 43. Ba5 Nxa1 0-1

[Event "Montreal Mercredi 03"]
[Site "Montreal"]
[Date "2017.04.05"]
[Round "2"]
[White "Gauthier, Luc"]
[Black "O'Neill, Brendon"]
[Result "1-0"]
[WhiteElo "1702"]
[BlackElo "1752"]
[PlyCount "71"]
[EventDate "2017.03.29"]
[EventType "swiss"]
[EventRounds "5"]
[EventCountry "CAN"]
[SourceTitle "EXT 2022"]
[Source "ChessBase"]
[SourceDate "2021.10.06"]
[SourceVersion "1"]
[SourceVersionDate "2021.10.06"]
[SourceQuality "1"]

1. e4 c5 2. Nc3 d6 3. f4 a6 4. Nf3 Bg4 5. g3 Nc6 6. Bg2 Nf6 7. d3 e6 8. h3 Bxf3 9. Qxf3 Qc7 10. Be3 Be7 11. 0-0 Rc8 12. Qf2 b5 13. g4 b4 14. Ne2 0-0 15. Ng3 Nd4 16. c3 bxc3 17. bxc3 Nb5 18. g5 Nd7 19. f5 Nxc3 20. f6 gxf6 21. gxf6 Nxf6 22. Bh6 Kh8 23. Bxf8 Rxf8 24. Qd2 Nb5 25. Qh6 d5 26. Nh5 Nxh5 27. Qxh5 Qg3 28. Rf3 Qg7 29. Raf1 f6 30. Kh1 Nd4 31. Rf4 Ne2 32. Qxe2 Bd6 33. Rg4 Qf7 34. exd5 e5 35. Be4 Qh5 36. Rg8+ 1-0

[Event "Quebec op U2000"]
[Site "Montreal"]
[Date "2016.07.29"]
[Round "8.41"]
[White "O'Neill, Brendon"]
[Black "Gauthier, Luc"]
[Result "1-0"]
[WhiteElo "1699"]
[BlackElo "1775"]
[PlyCount "93"]
[EventDate "2016.07.23"]
[EventType "swiss"]
[EventRounds "8"]
[EventCountry "CAN"]
[SourceTitle "EXT 2022"]
[Source "ChessBase"]
[SourceDate "2021.10.06"]
[SourceVersion "1"]
[SourceVersionDate "2021.10.06"]
[SourceQuality "1"]

1. e4 Nf6 2. e5 Nd5 3. c4 Nb6 4. d4 d6 5. exd6 exd6 6. Nc3 Be7 7. Be3 Nc6 8. Nf3 Bg4 9. h3 Bh5 10. b3 Bf6 11. Be2 d5 12. c5 Nc8 13. 0-0 0-0 14. Rc1 Bxf3 15. Bxf3 N8e7 16. Qd3 Nb4 17. Qb1 a5 18. a3 Na6 19. Qd3 c6 20. Na4 Nc8 21. Bg4 Nc7 22. Bxc8 Rxc8 23. Nb6 Ne6 24. Nxc8 Qxc8 25. Qd2 Qc7 26. b4 Ra8 27. Rb1 a4 28. b5 h6 29. bxc6 bxc6 30. Rb6 Nxc5 31. Qb4 Nb3 32. Rb7 Qc8 33. Rd1 Bxd4 34. Qe7 Nc5 35. Qxf7+ Kh8 36. Bxd4 Qxb7 37. Qh5 Nb3 38. Qxh6+ Kg8 39. Qe6+ Kh7 40. Qf5+ Kg8 41. Qe6+ Kh7 42. Rd3 Nxd4 43. Rxd4 g5 44. Qf5+ Kg8 45. Qxg5+ Qg7 46. Qe3 Qf6 47. Qg3+ 1-0

[Event "Quebec op U2000"]
[Site "Montreal"]
[Date "2016.07.24"]
[Round "2.10"]
[White "O'Neill, Brendon"]
[Black "Langlois Remillard, Alexis"]
[Result "1-0"]
[WhiteElo "1699"]
[BlackElo "1850"]
[PlyCount "61"]
[EventDate "2016.07.23"]
[EventType "swiss"]
[EventRounds "8"]
[EventCountry "CAN"]
[SourceTitle "EXT 2022"]
[Source "ChessBase"]
[SourceDate "2021.10.06"]
[SourceVersion "1"]
[SourceVersionDate "2021.10.06"]
[SourceQuality "1"]

1. e4 e6 2. d4 d5 3. Nd2 Nf6 4. e5 Nfd7 5. Bd3 c5 6. c3 Nc6 7. Ne2 f6 8. f4 fxe5 9. fxe5 cxd4 10. cxd4 Nxd4 11. Nxd4 Qh4+ 12. g3 Qxd4 13. Nf3 Bb4+ 14. Kf1 Qg4 15. Kg2 Nc5 16. Be2 Ba5 17. Ng5 Qb4 18. Rf1 Ne4 19. a3 Qc5 20. Nxe4 dxe4 21. b4 Bxb4 22. axb4 Qxb4 23. Ba3 Qb6 24. Rb1 Qc7 25. Bb5+ Bd7 26. Qb3 Qb6 27. Qb4 0-0-0 28. Bxd7+ Rxd7 29. Qxb6 axb6 30. Bd6 h5 31. Ra1 1-0

[Event "McGill op U2000"]
[Site "Montreal"]
[Date "2015.05.03"]
[Round "5"]
[White "O'Neill, Brendon"]
[Black "Marin, Sam"]
[Result "0-1"]
[WhiteElo "1892"]
[BlackElo "1699"]
[PlyCount "142"]
[EventDate "2015.05.01"]
[EventType "swiss"]
[EventRounds "5"]
[EventCountry "CAN"]
[SourceTitle "EXT 2019"]
[Source "ChessBase"]
[SourceDate "2018.10.10"]
[SourceVersion "1"]
[SourceVersionDate "2018.10.10"]
[SourceQuality "1"]

1. e4 Nc6 2. d4 d5 3. exd5 Qxd5 4. Be3 Bf5 5. Nc3 Qd7 6. Bb5 a6 7. Ba4 b5 8. Bb3 e6 9. Qf3 Nf6 10. h3 Bb4 11. Nge2 Be4 12. Qg3 0-0 13. 0-0-0 Bd6 14. f4 Bg6 15. Qf3 Ne7 16. Rhg1 a5 17. a4 c6 18. g4 b4 19. Nb1 Be4 20. Qf2 Bd5 21. Nd2 Ne4 22. Nxe4 Bxe4 23. h4 Bd5 24. h5 Bxb3 25. cxb3 Nd5 26. g5 Rac8 27. g6 fxg6 28. hxg6 h6 29. Qg3 Qc7 30. Qh3 Rf5 31. Kb1 Bxf4 32. Nxf4 Nxf4 33. Bxf4 Qxf4 34. Rgf1 Qe4+ 35. Ka2 Rxf1 36. Qxf1 Qxg6 37. Qa6 Rf8 38. Qxa5 Qc2 39. Rb1 Qd2 40. Qe5 Rf6 41. Rg1 Qf4 42. Qc5 Qf2 43. Rc1 Qe3 44. a5 Rf5 45. Qxc6 Rxa5+ 46. Kb1 Qxb3 47. Qe4 Qa2+ 48. Kc2 Qc4+ 49. Kd2 Qd5 50. Rc8+ Kf7 51. Qf4+ Kg6 52. Re8 Qf5 53. Qd6 Qf2+ 54. Kd3 Qf1+ 55. Kd2 Qf2+ 56. Kd3 Qf5+ 57. Kd2 Rd5 58. Rxe6+ Kh7 59. Qb6 Qf2+ 60. Kd3 Qxb2 61. Re2 Qc3+ 62. Ke4 Rg5 63. Re3 Rg4+ 64. Kf3 Qxd4 65. Qe6 Qf4+ 66. Ke2 Qc4+ 67. Qxc4 Rxc4 68. Rb3 h5 69. Kf2 Kh6 70. Rg3 h4 71. Rh3 Kh5 0-1

[Event "Quebec op"]
[Site "Montreal"]
[Date "2012.07.27"]
[Round "8"]
[White "Gilbert, Erick"]
[Black "O'Neill, Brendon"]
[Result "1-0"]
[WhiteElo "1808"]
[BlackElo "1496"]
[PlyCount "95"]
[EventDate "2012.07.21"]
[EventType "swiss"]
[EventRounds "9"]
[EventCountry "CAN"]
[SourceTitle "EXT 2022"]
[Source "ChessBase"]
[SourceDate "2021.10.06"]
[SourceVersion "1"]
[SourceVersionDate "2021.10.06"]
[SourceQuality "1"]

1. Nf3 d5 2. d4 Nf6 3. e3 Bg4 4. h3 Bh5 5. c3 Nbd7 6. Nbd2 e6 7. Qa4 Be7 8. Bd3 0-0 9. 0-0 c5 10. Qc2 Rc8 11. Re1 cxd4 12. exd4 Qc7 13. Ne5 Nxe5 14. dxe5 Nd7 15. Bxh7+ Kh8 16. g4 g6 17. gxh5 Kxh7 18. Nf3 Rg8 19. Kh1 Qb6 20. Rg1 d4 21. Qd2 g5 22. cxd4 Qc6 23. Rg3 Nb6 24. Kh2 Qc2 25. Qxc2+ Rxc2 26. Kg2 Nd5 27. Bxg5 Bxg5 28. Nxg5+ Kg7 29. Nxe6+ Kh8 30. Ng5 Nf4+ 31. Kf3 Nxh5 32. Nxf7+ Kh7 33. Rxg8 Kxg8 34. Nh6+ Kg7 35. Nf5+ Kg6 36. Ng3 Ng7 37. Rb1 Ne6 38. Ke3 Ng5 39. h4 Nh3 40. f4 Nf2 41. f5+ Kf7 42. Ne4 Ng4+ 43. Kf4 Nh6 44. d5 Ng8 45. d6 b6 46. Rd1 Ke8 47. Rd2 Rc4 48. b3 1-0

[Event "Quebec op"]
[Site "Montreal"]
[Date "2012.07.25"]
[Round "6"]
[White "Nardone, Raul"]
[Black "O'Neill, Brendon"]
[Result "1-0"]
[WhiteElo "1870"]
[BlackElo "1496"]
[PlyCount "75"]
[EventDate "2012.07.21"]
[EventType "swiss"]
[EventRounds "9"]
[EventCountry "CAN"]
[SourceTitle "EXT 2022"]
[Source "ChessBase"]
[SourceDate "2021.10.06"]
[SourceVersion "1"]
[SourceVersionDate "2021.10.06"]
[SourceQuality "1"]

1. e4 c5 2. Nc3 d6 3. Nf3 Bg4 4. Bc4 e6 5. h3 Bxf3 6. Qxf3 a6 7. a4 Nc6 8. 0-0 Nd4 9. Qd1 Ne7 10. d3 g6 11. Ne2 Nxe2+ 12. Qxe2 Bg7 13. Re1 0-0 14. c3 Nc6 15. f4 Rb8 16. Be3 b5 17. axb5 axb5 18. Ba2 b4 19. Rec1 Kh8 20. e5 b3 21. Bb1 dxe5 22. Bxc5 Rg8 23. fxe5 Bxe5 24. d4 Bg7 25. Rf1 Qc7 26. Be4 e5 27. Ra6 Nd8 28. Bd6 Qc8 29. dxe5 Re8 30. Bd5 f5 31. Bxb8 Qc5+ 32. Qf2 Qxd5 33. Rd6 Qe4 34. Qd4 Qxd4+ 35. cxd4 Ne6 36. Ba7 Ng5 37. Rc1 Re7 38. Rc8+ 1-0

[Event "Quebec op"]
[Site "Montreal"]
[Date "2012.07.24"]
[Round "5"]
[White "Gedajlovic, Max"]
[Black "O'Neill, Brendon"]
[Result "1-0"]
[WhiteElo "1817"]
[BlackElo "1496"]
[PlyCount "51"]
[EventDate "2012.07.21"]
[EventType "swiss"]
[EventRounds "9"]
[EventCountry "CAN"]
[SourceTitle "EXT 2022"]
[Source "ChessBase"]
[SourceDate "2021.10.06"]
[SourceVersion "1"]
[SourceVersionDate "2021.10.06"]
[SourceQuality "1"]

1. d4 Nf6 2. c4 g6 3. Nc3 Bg7 4. e4 0-0 5. f3 d6 6. Be3 Na6 7. Nge2 c5 8. d5 Ne8 9. Qd2 f5 10. h4 Nf6 11. exf5 Bxf5 12. g4 Bd7 13. h5 Qe8 14. hxg6 hxg6 15. Nf4 e5 16. dxe6 Bxe6 17. 0-0-0 Bxg4 18. fxg4 Nxg4 19. Nfd5 Nb4 20. Bg1 Qf7 21. Bg2 Bxc3 22. bxc3 Nc6 23. Nb6 Qf6 24. Nxa8 Rxa8 25. Rf1 Qg7 26. Bd5+ 1-0